00469nam a2200193Ia 4500008004100000020001800041050001400059100001700073245002800090245001700118260001500135260001600150260000900166300001500175300002700190300001000217440004000227500000800267170918s9999 xx 000 0 und d a9780531187876 bW429 2007 aWeiss, Ellen aFrom bulb to Daffodil / cEllen Weiss. aNew York : bScholastic, c2007 a24 pages : bcolored illustration ; c20cm. aScholastic news nonfiction readers. a520